LEADER 00872cam1-22002891i-450 001 990004448210403321 005 20211005121316.0 035 $a000444821 035 $aFED01000444821 035 $a(Aleph)000444821FED01 035 $a000444821 100 $a19990604d1850----km-y0itay50------ba 101 0 $aita 102 $aIT 105 $ay-------00--b 200 1 $aCenni biografici e ritratti di padri illustri dell'ordine Capuccino$f[Michelangelo da Rossiglione] 210 $aRoma$cG. A. Bertinelli$d1850 215 $a3 v.$d24 cm 610 0 $aCappuccini$aBiografie 676 $a271.36$v21$zita 700 0$aMichelangelo : da Rossiglione$0494552 801 0$aIT$bUNINA$gRICA$2UNIMARC 901 $aBK 912 $a990004448210403321 959 $aFLFBC 996 $aCenni biografici e ritratti di padri illustri dell'ordine Capuccino$9543157 997 $aUNINA LEADER 01177nam0 22002651i 450 001 UON00411189 005 20231205104741.427 100 $a20120925d1991 |0itac50 ba 101 $aeng 102 $aIT 105 $a|||| 1|||| 200 1 $aExplorations in language use$fPaola Santaniello 210 $aNapoli$cIstituto Universitario Orientale. Dipartimento di Studi Letterari e Linguistici dell'Occidente$d1991 215 $a79 p.$d24 cm. 606 $aLingua inglese$xAnalisi del discorso$3UONC071402$2FI 620 $aIT$dNapoli$3UONL000012 676 $a428$cUso inglese standard (Linguistica prescrittiva). Linguistica applicata$v21 700 1$aSANTANIELLO$bPaola$3UONV226831$0551495 712 $aIstituto Universitario Orientale, Dipartimento di Studi Letterari e Linguistici dell'Occidente$3UONV274413$4650 801 $aIT$bSOL$c20250808$gRICA 899 $aSIBA - SISTEMA BIBLIOTECARIO DI ATENEO$2UONSI 912 $aUON00411189 950 $aSIBA - SISTEMA BIBLIOTECARIO DI ATENEO$dSI Pub 110 $eSI 1133 5 110 996 $aExplorations in language use$91341022 997 $aUNIOR